Reaching out -changing our lives : (Record no. 95)

MARC details
000 -LEADER
fixed length control field 006230000a22001930004500
005 - DATE AND TIME OF LATEST TRANSACTION
control field 20231108145439.0
008 - FIXED-LENGTH DATA ELEMENTS--GENERAL INFORMATION
fixed length control field 230817t1999 ||||| |||| 00| 0 eng d
020 ## - ISBN
ISBN 9556250093
082 ## - DEWEY DECIMAL CLASSIFICATION NUMBER
Classification number 305.48
Item number REA
942 ## - ADDED ENTRY ELEMENTS (KOHA)
Item Type Reports
700 ## - ADDED ENTRY--PERSONAL NAME
Personal name Balchin, Cassandra
Relator Term editor
245 ## - TITLE STATEMENT
Title Reaching out -changing our lives :
Sub Title Outreach strategies and women living under Muslim Laws
260 ## - PUBLICATION, DISTRIBUTION, ETC. (IMPRINT)
Place of Publication Colombo:
Name of Publisher Women Living Under Muslim Laws,
Date of Copyright 1999
300 ## - PHYSICAL DESCRIPTION
Extent 98 p. ; 28 cm.
650 ## - SUBJECT ADDED ENTRY--TOPICAL TERM
Topical Term MUSLIM WOMEN-SOCIAL CONDITIONS
650 ## - SUBJECT ADDED ENTRY--TOPICAL TERM
Topical Term Muslim women -- Civil rights;
650 ## - SUBJECT ADDED ENTRY--TOPICAL TERM
Topical Term Muslim women -- Legal status, laws
650 ## - SUBJECT ADDED ENTRY--TOPICAL TERM
Topical Term Women's rights
Holdings
Withdrawn status Lost status Source of classification or shelving scheme Damaged status Not for loan Collection code Permanent location Current location Date acquired Total Checkouts Full call number Barcode Date last seen Price effective from Koha item type
    Dewey Decimal Classification     MWRAF Publications Resource center, Muslim Women's Research And Action Forum Resource center, Muslim Women's Research And Action Forum 2023-08-17   305.48 REA RAF104 2023-08-17 2023-08-17 Reports
    Dewey Decimal Classification     MWRAF Publications Resource center, Muslim Women's Research And Action Forum Resource center, Muslim Women's Research And Action Forum 2023-11-07   305.48 REA RAF2700 2023-11-07 2023-11-07 Reports
    Dewey Decimal Classification     MWRAF Publications Resource center, Muslim Women's Research And Action Forum Resource center, Muslim Women's Research And Action Forum 2023-11-07   305.48 REA RAF2701 2023-11-07 2023-11-07 Reports

Copyright © 2023 Muslim Women's Research and Action Forum (MWRAF), No 27/3, Anderson Road, Kalubowila, Dehiwela. Funded by The Asia Fundation